| 000 | 00472nam a22001697a 4500 | ||
|---|---|---|---|
| 005 | 20240703134423.0 | ||
| 008 | 240703b |||||||| |||| 00| 0 eng d | ||
| 020 | _a9781418836795 | ||
| 082 |
_a005.8 _bWEA-G |
||
| 100 | _aWeaver, Randy | ||
| 245 |
_aGuide to network defense and countermeasures / _cRandy Weaver |
||
| 260 |
_aUSA: _bCourse Leanage; _c2007. |
||
| 300 |
_axix, 523 p. : _bill; _c23 cm. |
||
| 500 | _ainclude index. | ||
| 650 | _aNetworking | ||
| 999 |
_c36026 _d36026 |
||